Path way to God/ (Record no. 33814)

000 -LEADER
fixed length control field 00335nam a22001451a 4500
082 ## - DEWEY DECIMAL CLASSIFICATION NUMBER
Classification number GAN 181.4
Item number GAN/P
100 ## - MAIN ENTRY--AUTHOR NAME
Personal name Gandhi M K
245 ## - TITLE STATEMENT
Title Path way to God/
Statement of responsibility, etc by Gandhi M K
260 ## - PUBLICATION, DISTRIBUTION, ETC. (IMPRINT)
Place of publication Ahmedabad:
Name of publisher Navajivan,
Year of publication 1996.
300 ## - PHYSICAL DESCRIPTION
Number of Pages 74p.
650 ## - SUBJECT ADDED ENTRY--TOPICAL TERM
Topical Term Gandhiana
650 ## - SUBJECT ADDED ENTRY--TOPICAL TERM
Topical Term Philosophy India
650 ## - SUBJECT ADDED ENTRY--TOPICAL TERM
Topical Term Philosophy
942 ## - ADDED ENTRY ELEMENTS (KOHA)
Koha item type Book
Holdings
Withdrawn status Lost status Damaged status Not for loan Permanent Location Current Location Shelving location Date acquired Cost, normal purchase price Full call number Accession Number Cost, replacement price Price effective from Koha item type
        Sree Sankaracharya University of Sanskrit Sree Sankaracharya University of Sanskrit Stacks 08.01.2015 15.00 GAN 181.4 GAN/P 035953 0.00 08.01.2015 Book
        Sree Sankaracharya University of Sanskrit Sree Sankaracharya University of Sanskrit Stacks 21.07.2020 15.00 GAN 181.4 GAN/P 100036   21.07.2020 Book